Cambio y continuidad en el proceso de globalización internacional
Enfoca los procesos de la globalización y la regionalización a nivel mundial desde el punto de vista del papel y las funciones del Estado-Nación. Se examinan los escenarios políticos actuales, sus riesgos y oportunidades, y sus perspectivas de futuro. En la última sección se abordan las especificida...
Gorde:
| Formatua: | Texto |
|---|---|
| Gaiak: | |
| Etiketak: |
Etiketa erantsi
Etiketarik gabe, Izan zaitez lehena erregistro honi etiketa jartzen!
|
MARC
| LEADER | 00000 a a2200000 04500 | ||
|---|---|---|---|
| 001 | 17445 | ||
| 003 | |||
| 040 | |||
| 245 | |a Cambio y continuidad en el proceso de globalización internacional | ||
| 520 | |a Enfoca los procesos de la globalización y la regionalización a nivel mundial desde el punto de vista del papel y las funciones del Estado-Nación. Se examinan los escenarios políticos actuales, sus riesgos y oportunidades, y sus perspectivas de futuro. En la última sección se abordan las especificidades regionales del mundo actual atendiendo a los factores culturales, considerados como "el eslabón perdido del proceso de globalización". REV//jmml | ||
| 650 | |a LIBERALIZACION DEL INTERCAMBIO | ||
| 650 | |a CULTURA | ||
| 650 | |a INTEGRACION REGIONAL | ||
| 650 | |a ESTADO | ||
| 650 | |a ECONOMIA | ||
| 650 | |a RELACIONES INTERNACIONALES | ||
| 650 | |a POLITICA | ||
| 650 | |a MERCADO | ||
| 650 | |a TECNOLOGIA | ||
| 773 | |g número 14, volumen 3; páginas 7-34 | ||
| 999 | |c 36345 |d 36345 | ||
